Central Library OPAC University of Rajshahi

মহাভারতের নরনারী / (Record no. 64222)

MARC details
000 -LEADER
fixed length control field 00859nam a22002417a 4500
001 - CONTROL NUMBER
control field 64222
003 - CONTROL NUMBER IDENTIFIER
rucl marc code BD-RjUL
005 - DATE AND TIME OF LATEST TRANSACTION
control field 20211209081301.0
008 - FIXED-LENGTH DATA ELEMENTS--GENERAL INFORMATION
fixed length control field 170212r20112008ii ||||| |||| 001 0 ben d
035 ## - SYSTEM CONTROL NUMBER
System control number (BD-RjUL)64352
040 ## - CATALOGING SOURCE
Original cataloging agency BD-RjUL
Transcribing agency BD-RjUL
Language of cataloging ben
041 ## - LANGUAGE CODE
Language code of text/sound track or separate title ben
082 ## - DEWEY DECIMAL CLASSIFICATION NUMBER
Edition number 23
Classification number 294.5923046
Author mark and year SEM 2011
100 1# - MAIN ENTRY--PERSONAL NAME
Personal name শীল, শঙ্কর
9 (RLIN) 175741
245 10 - TITLE STATEMENT
Title মহাভারতের নরনারী /
Statement of responsibility, etc. শঙ্কর শীল.
260 ## - PUBLICATION, DISTRIBUTION, ETC. (IMPRINT)
Place of publication, distribution, etc. কলকাতা :
Name of publisher, distributor, etc. প্রতিভাস,
Date of publication, distribution, etc. ২০০৮ [মুদ্রণ ২০১১].
300 ## - PHYSICAL DESCRIPTION
Pagination ২৮৮ পৃ. ;
Size ২১ সেমি.
504 ## - BIBLIOGRAPHY, ETC. NOTE
Bibliography, etc নির্ঘন্ট সংযুক্ত
650 ## - SUBJECT ADDED ENTRY--TOPICAL TERM
Topical term or geographic name as entry element মহাভারতে নারী
9 (RLIN) 190723
Topical term or geographic name as entry element Women in the Mahābhārata
9 (RLIN) 190724
Topical term or geographic name as entry element Mahābhārata
9 (RLIN) 186103
942 ## - ADDED ENTRY ELEMENTS (KOHA)
Source of classification or shelving scheme Dewey Decimal Classification
Koha item type Books
Holdings
Lost status Source of classification or shelving scheme Damaged status Not for loan Collection code Permanent Location Current Location Shelving location Date acquired Source of acquisition Cost, normal purchase price Total Checkouts Full call number Date last seen Copy number Koha item type
  Dewey Decimal Classification   Not For Loan Non-fiction Central Library, University of Rajshahi Central Library, University of Rajshahi Reading Room 09/07/2013 Dhaka, Space Marketing Comm. 500.00   B 294.5923046 SEM 2011 12/02/2017 C-1 Books